| 000 | 00591nam a2200181Ia 4500 | ||
|---|---|---|---|
| 008 | 220501s2022 xx 000 0 eng d | ||
| 020 | _a9789390219452 | ||
| 082 | _a658.4012 KEA-F | ||
| 100 | _aKeating, Barry | ||
| 245 | 0 |
_aForecasting and predictive analytics : _bwith Forecast X / _cBarry Keating, J. Holton Wilson, Shovan Chowdhury and John Galt Solutions, Inc. |
|
| 250 | _a7th ed. | ||
| 260 |
_aChennai : _bMcGraw Hill, _c2022. |
||
| 300 | _axviii, 593 p. ; | ||
| 650 | _aBusiness forecasting | ||
| 700 | _aChowdhury, Shovan | ||
| 700 | _aWilson, J. Holton | ||
| 942 |
_2ddc _cREF _03 |
||
| 999 |
_c18463 _d18463 |
||